000 00498cam a2200205ua 4500
001 7464
005 20260515114221.0
008 141211n ii |||gr||||Z||||||ben
040 _cMAIN
041 _aben
082 _a920
100 _aGhosh, P. Ch.,
_eAuthor.
245 1 _aMahatma Gandhi
_cBy Prafulla Chandra Ghosh
250 _a1st.
260 _aKolkatta:
_bDas gupta,
_c1963.
300 _a290p.
653 _aBiography, genealogy & insignia
653 _aBengali biography
942 _cBK
999 _c6582
_d6582